| 000 | 00533nam a22001937a 4500 | ||
|---|---|---|---|
| 003 | NUST - PNEC | ||
| 005 | 20170116180758.0 | ||
| 008 | 150409b xxu||||| |||| 00| 0 eng d | ||
| 020 | _a- | ||
| 040 | _cLIBRARY | ||
| 082 | _a297.5 NAT | ||
| 100 |
_92255 _aNatiq, Abdul Qaiyum |
||
| 245 |
_aSirat-E-Mustaqim : Islamic Studies _cNatiq Abdul Qaiyum |
||
| 250 | _a- | ||
| 260 |
_aDariyabad, Karachi _bTaher Sons Publishers & Book Sellers _cc1987. |
||
| 300 |
_a326 p. : _c21 cm. |
||
| 650 |
_92260 _aIslam _xGeneral |
||
| 942 |
_2ddc _cBK |
||
| 999 |
_c62825 _d62825 |
||